LEADER 00860nam0-2200289 --450 001 9910257154703321 005 20180221153549.0 010 $a978-88-6728-507-5 020 $aIT$b2016-2984 100 $a20180221d2016----kmuy0itay5050 ba 101 0 $aita 102 $aIT 105 $a 001yy 200 1 $aMussolini e la storia$edal socialismo al fascismo (1900-1922)$fPaola S. Salvatori 210 $aRoma$cViella$d2016 215 $a221 p.$d21 cm 225 1 $a<>libri di Viella$v213 610 0 $aMussolini, Benito$aPropaganda politica$a1900-1922 676 $a945.0912092$v23$zita 700 1$aSalvatori,$bPaola$0140039 801 0$aIT$bUNINA$gREICAT$2UNIMARC 901 $aBK 912 $a9910257154703321 952 $aCOLLEZ. 2105 (213)$b1443/2017$fFSPBC 959 $aFSPBC 996 $aMussolini e la storia$91386445 997 $aUNINA